Obras de José Ortega y Gasset.

Enregistré dans:
Détails bibliographiques
Auteur principal: Ortega y Gasset, José (autor)
Format: Livre
Publié: Madrid, España: Espasa-Calpe, S.A., 1943.
Édition:Tercera edición corregida y aumentada.
Sujets:
Tags: Ajouter un tag
Pas de tags, Soyez le premier à ajouter un tag!

MARC

LEADER 00000nam a22000007a 4500
003 CL-VaPUC
005 20221118175706.0
008 220708t1943 ||||| |||| 00| 0 eng d
999 |c 436828  |d 436826 
040 |c Pontificia Universidad Católica de Valparaíso 
082 0 4 |a 196.1 ORT 1943  |2 21 
100 |a Ortega y Gasset, José   |e autor  |9 878566 
245 1 |a Obras de José Ortega y Gasset.  
250 |a Tercera edición corregida y aumentada.  
260 |a Madrid, España:  |b Espasa-Calpe, S.A.,   |c 1943. 
300 |a 2 volúmenes.  
500 |a v.1-v.2.c.1- Donación Familia Prof. Alejandro Guzmán Brito. 
583 |a last modification  |c 20150402 11:08:00  |k Cristina María Rojas Aguilar 
650 0 |a Filosofía española   |9 254895 
650 0 |a Filósofos españoles  |9 321894 
942 |c BK  |2 ddc  |n 0 
952 |0 0  |1 0  |2 ddc  |4 0  |6 196_100000000000000_ORT_1943  |7 0  |8 C_AGB  |9 584557  |a BIBDER  |b BIBDER  |d 2022-07-08  |e Donación   |h v.1  |i 5652608  |o 196.1 ORT 1943  |p 5652608  |r 2023-01-25  |t 1  |w 2022-07-08  |y BK_US  |k AGB 
952 |0 0  |1 0  |2 ddc  |4 0  |6 196_100000000000000_ORT_1943  |7 0  |8 C_AGB  |9 584558  |a BIBDER  |b BIBDER  |d 2022-07-08  |e Donación   |h v.2  |i 5652609  |o 196.1 ORT 1943  |p 5652609  |r 2023-01-25  |t 1  |w 2022-07-08  |y BK_US  |k AGB